<?xml version="1.0" encoding="UTF-8"?>
<record
    xmlns:xsi="http://www.w3.org/2001/XMLSchema-instance"
    xsi:schemaLocation="http://www.loc.gov/MARC21/slim http://www.loc.gov/standards/marcxml/schema/MARC21slim.xsd"
    xmlns="http://www.loc.gov/MARC21/slim">

  <leader>00588nam a2200205Ia 4500</leader>
  <controlfield tag="001">9426</controlfield>
  <controlfield tag="003">GE_BSU</controlfield>
  <controlfield tag="008">181216s||||||||xx |||||||||||||| ||und||</controlfield>
  <datafield tag="040" ind1=" " ind2=" ">
    <subfield code="c">GE_BSU</subfield>
  </datafield>
  <datafield tag="080" ind1=" " ind2=" ">
    <subfield code="a">550.34</subfield>
  </datafield>
  <datafield tag="100" ind1=" " ind2=" ">
    <subfield code="a">&#x41C;&#x435;&#x434;&#x432;&#x435;&#x434;&#x435;&#x432;,&#x421;.&#x412;.</subfield>
  </datafield>
  <datafield tag="245" ind1=" " ind2=" ">
    <subfield code="a">&#x418;&#x43D;&#x436;&#x435;&#x43D;&#x435;&#x440;&#x43D;&#x430;&#x44F; &#x441;&#x435;&#x439;&#x441;&#x43C;&#x43E;&#x43B;&#x43E;&#x433;&#x438;&#x44F;.</subfield>
  </datafield>
  <datafield tag="245" ind1=" " ind2=" ">
    <subfield code="c">&#x41D;&#x430;&#x443;&#x447;. &#x440;&#x435;&#x434;. &#x41C;.&#x413;.&#x41A;&#x43E;&#x440;&#x444;.</subfield>
  </datafield>
  <datafield tag="260" ind1=" " ind2=" ">
    <subfield code="a">&#x41C;.</subfield>
  </datafield>
  <datafield tag="260" ind1=" " ind2=" ">
    <subfield code="b">&#x413;&#x43E;&#x441;&#x441;&#x442;&#x440;&#x43E;&#x439;&#x438;&#x437;&#x434;&#x430;&#x442;.</subfield>
  </datafield>
  <datafield tag="260" ind1=" " ind2=" ">
    <subfield code="c">1962.</subfield>
  </datafield>
  <datafield tag="300" ind1=" " ind2=" ">
    <subfield code="a">283 &#x441;&#x442;&#x440;. &#x441; &#x438;&#x43B;&#x43B;. 21&#x441;&#x43C;. &#x411;&#x438;&#x431;&#x43B;&#x438;&#x43E;&#x433;&#x440;.:&#x441;&#x442;&#x440;.279-282.</subfield>
  </datafield>
  <datafield tag="653" ind1=" " ind2=" ">
    <subfield code="a">&#x418;&#x43D;&#x436;&#x435;&#x43D;&#x435;&#x440;&#x43D;&#x430;&#x44F; &#x441;&#x435;&#x439;&#x441;&#x43C;&#x43E;&#x43B;&#x43E;&#x433;&#x438;&#x44F;.</subfield>
  </datafield>
  <datafield tag="942" ind1=" " ind2=" ">
    <subfield code="c">BK</subfield>
  </datafield>
  <datafield tag="999" ind1=" " ind2=" ">
    <subfield code="c">42720</subfield>
    <subfield code="d">42720</subfield>
  </datafield>
  <datafield tag="952" ind1=" " ind2=" ">
    <subfield code="0">0</subfield>
    <subfield code="1">0</subfield>
    <subfield code="4">0</subfield>
    <subfield code="7">0</subfield>
    <subfield code="9">53315</subfield>
    <subfield code="d">2018-12-17</subfield>
    <subfield code="p">9986</subfield>
    <subfield code="r">2018-12-17</subfield>
    <subfield code="w">2018-12-17</subfield>
    <subfield code="y">BK</subfield>
  </datafield>
</record>
